Statistics for Race-to-Nine Word Puzzle #11

Click here to take the quiz!

General Stats

  • This quiz has been taken 885 times
  • The average score is 4 of 7

Answer Stats

# Answer % Correct
3Ire, Rei
100%
4Ires, Reis, Rise, Sire
100%
5Reins, Resin, Rinse, Risen, Serin, Siren
99%
6Estrin, Inerts, Insert, Inters, Niters, Nitres, Sinter, Triens, Trines
68%
7Anestri, Antsier, Nastier, Ratines, Retains, Retinas, Retsina, Stainer, Stearin
43%
8Angriest, Astringe, Ganister, Gantries, Granites, Ingrates, Rangiest
21%
9Emigrants, Mastering, Streaming
16%

Score Distribution

Percentile by Number Answered

Percent of People with Each Score

Your Score History

You have not taken this quiz